00829nam a2200229Ia 4500003000900000008004100009020001800050040001600068080001800084100002600102245011300128260003400241300001500275490003900290650004100329650002200370650002200392700002300414942000700437999001700444952013800461IN-BaIIA211028s9999 xx 000 0 eng d a3-540-50211-4 cIIA Library a524.3-54bKIP aKippenhahn, R.910435 0aStellar structure and evolutioncR. Kippenhahn and A. Weigert  aBerlinbSpringer-Verlagc1991 axvi, 468p. aAstronomy and astrophysics library aAstronomy and astrophysics thesaurus aStellar evolution aStellar structure aWeigert, A.917014 cBK c10242d10242 00104070aBANbBANcGENd1991-11-18g1443.20l3o524.3-54/ KIPp11152r2026-03-24s2026-03-24v1443.20w1991-11-18yBKGRs. 1443.20